| 000 | 00800nam a2200193 i 4500 | ||
|---|---|---|---|
| 001 | 165203 | ||
| 003 | ES-MaACL | ||
| 005 | 20250618063031.0 | ||
| 008 | 050817s1876 sp |||| | spa d | ||
| 100 | 1 |
_aSepúlveda, Ricardo, _d1846-1909 _9132653 |
|
| 245 | 1 | 4 |
_aLas botas _b: cuadros festivos de costumbres : (contestación a "Las llaves" de Teodoro Guerrero) / _cpor Ricardo Sepúlveda. |
| 260 |
_aMadrid : _bLibrería de M. Murillo, _c1876 ( _fImp. de T. Fortanet) |
||
| 300 |
_a272 p. ; _c19 cm. |
||
| 530 | _aDisponible también en sitio web. | ||
| 700 | 1 |
_aGuerrero, Teodoro. _9148902 |
|
| 852 |
_aES-MaACL _jT-280-F-4 _z. - Enc. hol. _z. - Enc. en un vol. facticio |
||
| 856 |
_uhttp://www.archive.org/details/lasbotascuadros00sepgoog _zIr a la página |
||
| 999 |
_c165203 _d165203 |
||